000 00558nam a2200241 a 4500
001 nice12345678
003 IN_TiNIC
005 20260116011348.0
008 050524s1925 leia grp 000 0 ger
020 _a
_c100
082 0 0 _a297.1
_bSIM
100 _aSimon, G
245 _aDie Welt Des Islam Und Dieneuezett
260 _aLeipzig
_bLeipzig
_c1925
300 _a133p.
500 _aincludes index and biblioraphy
505 2 _aIndex
650 _aIslam-Meccan Trade
700 1 _aSimon, G
902 _bSRS
942 _cBK
999 _c858
_d858